Orchids and ecology in Colombia : (Registro nro. 1084)

Detalles MARC
000 -CABECERA
Campo de control 00833cam a2200241 a 4500
005 - FECHA Y HORA DE LA ULTIMA TRANSACCION
Campo de control 20160608020002.0
008 - ELEMENTOS DE LONGITUD FIJA—INFORMACION GENERAL
Campo de control 010910s1996 ck ab r 00110deng d
020 ## - ISBN
ISBN 9583303941
040 ## - FUENTE DE CATALOGACIÓN
Agencia catalogadora original la
Agencia transcriptora la
Agencia Modificadora CO-BoIAVH
041 0# - IDIOMA
Código de idioma para texto/pista de sonido o título separado Inglés
044 ## - PAÍS DE PUBLICACIÓN
País de publicación Colombia
082 04 - NUMERO DE CLASIFICACION DECIMAL DEWEY
Número de clasificación 584.4
Número del ítem O76o
100 1# - ASIENTO PRINCIPAL--NOMBRE PERSONAL
Nombre personal Ospina Hernández, Mariano.
245 10 - MENCION DE TITULO
Título Orchids and ecology in Colombia :
Parte restante del título to the rescue of paradise /
Mención de responsabilidad Por Mariano Ospina H.
260 ## - PUBLICACION, DISTRIBUCION, ETC. (PIE DE IMPRENTA)
Lugar de publicación, distribución, etc. Santafé de Bogotá :
Nombre del editor, distribuidor, etc. Panamericana Formas e Impresos,
Fecha de publicación, distribución, etc. 1996.
300 ## - DESCRIPCION FISICA
Extensión 228 páginas :
Otros detalles físicos ilustraciones, mapas ;
Dimensiones 29 x 22 cm.
504 ## - NOTA DE BIBLIOGRAFIA, ETC.
Nota de bibliografía Incluye bibliografía.
650 #4 - ASIENTO SECUNDARIO DE MATERIA - TERMINO TEMATICO
Término temático o nombre geográfico como elemento de entrada Orquídeas
Subdivisión geográfica Colombia.
650 #4 - ASIENTO SECUNDARIO DE MATERIA - TERMINO TEMATICO
Término temático o nombre geográfico como elemento de entrada Orquídeas
Subdivisión general Clasificación.
650 #6 - ASIENTO SECUNDARIO DE MATERIA - TERMINO TEMATICO
Término temático o nombre geográfico como elemento de entrada Orchidaceae
Subdivisión geográfica Colombia.
650 #6 - ASIENTO SECUNDARIO DE MATERIA - TERMINO TEMATICO
Término temático o nombre geográfico como elemento de entrada Orchidaceae
Subdivisión general Clasificación
942 ## - ELEMENTOS ADICIONALES (KOHA)
Sistema de clasificación Dewey Decimal Classification
Tipo de ítem Libro
Koha issues (borrowed), all copies 1
Existencias
Withdrawn status Lost status Sistema de Clasificación Damaged status No para préstamo Colección Inventariado Ubicación Permanente Ubicación actual Fecha de adquisición Fuente de Valor Valor Total Checkouts Total Renewals Número topográfico Inventario / Código de Barras Date last seen Date checked out Ejemplar Price effective from Forma de adquisición Tipo de material
    Dewey Decimal Classification     General Inventariado 2017 Bogotá Bogotá 14/01/1999 Instituto 39000.00 1 2 LB-584.4 O76o 001477 23/12/2016 07/06/2016 Ej. 1 04/12/2012   Libro
    Dewey Decimal Classification     General Inventariado 2017 Sala Fabio Quevedo Sala Fabio Quevedo 22/01/2001 Instituto 39000.00     LB-584.4 O76o 001478 04/12/2012   Ej. 2 04/12/2012 Donación Libro